书目信息 |
| 题名: |
睡谷的传说
|
|
| 作者: | 欧文 , 欧文(ashingtonIrving) 著 ;海因斯 , 斯珀林 , 黄念念 改写 | |
| 分册: | ||
| 出版信息: | 北京 外语教学与研究出版社 2010.06 |
|
| 页数: | 79页 | |
| 开本: | 21cm | |
| 丛书名: | ||
| 单 册: | ||
| 中图分类: | H319.4:I | |
| 科图分类: | ||
| 主题词: | 英语课--中小学--课外读物 , 英语 | |
| 电子资源: | ||
| ISBN: | 978-7-5600-9742-8 | |
| 000 | 01149nam0 2200313 450 | |
| 001 | 141846 | |
| 005 | 20110718103513.75 | |
| 010 | @a978-7-5600-9742-8@dCNY12.90 (含光盘) | |
| 100 | @a20100914d2010 demy0chiy50 ea | |
| 101 | 2 | @achi@aeng@ceng |
| 102 | @aCN@b110000 | |
| 105 | @aa z 000yy | |
| 106 | @ar | |
| 200 | 1 | @a睡谷的传说@dThe legend of sleepy hollow@f(美)欧文(ashington Irving)@F(mei)ou wen(ashington Irving)@g(美)Alan Hines改写@g(美)Thomas Sperling插图@g黄念念译@zeng@Ashui gu de chuan shuo |
| 210 | @a北京@c外语教学与研究出版社@d2010.06 | |
| 215 | @a79页@c彩图@d21cm@e光盘1片 | |
| 307 | @a附光盘:ISRC CN-A16-10-0121-0 | |
| 510 | 1 | @aLegend of sleepy hollow@zeng |
| 586 | @a | |
| 606 | 0 | @a英语课@x中小学@j课外读物 |
| 606 | 0 | @a英语 |
| 690 | @aH319.4:I@v5 | |
| 701 | 0 | @c(美)@a欧文@c(Irving, Washington@f1783~1859)@4著@Aou wen |
| 701 | 0 | @a欧文(ashingtonIrving)@Aou wen(ashingtonIrving) |
| 702 | 0 | @c(美)@a海因斯@c(Hines, Alan )@4改写@Ahai yin si |
| 702 | 0 | @c(美)@a斯珀林@c(Sperling, Thomas)@4插图@Asi po lin |
| 702 | 0 | @a黄念念@4译@Ahuang nian nian |
| 801 | 0 | @aCN@c20110610 |
| 905 | @dH319.4:I@eO3551@f5 | |
| 睡谷的传说=The legend of sleepy hollow/(美)欧文(ashington Irving)/(美)Alan Hines改写/(美)Thomas Sperling插图/黄念念译.-北京:外语教学与研究出版社,2010.06 |
| 79页:彩图;21cm+光盘1片 |
| ISBN 978-7-5600-9742-8:CNY12.90 (含光盘) |
| ● |
| 相关链接 |
|
|
|
正题名:睡谷的传说
索取号:H319.4:I/O3551
 
预约/预借
| 序号 | 登录号 | 条形码 | 馆藏地/架位号 | 状态 | 备注 |
| 1 | 884965 | 208849656 | 语言库209/209语言库 54排7列1层/ [索取号:H319.4:I/O3551] | 在馆 | |
| 2 | 884966 | 208849665 | 语言库209/209语言库 54排7列1层/ [索取号:H319.4:I/O3551] | 在馆 | |
| 3 | 884967 | 208849674 | 社科二线400B/209语言库 54排7列1层/ [索取号:H319.4:I/O3551] | 在馆 | |
| 4 | 884968 | 208849683 | 语言库209/209语言库 54排7列1层/ [索取号:H319.4:I/O3551] | 在馆 | |
| 5 | 884969 | 208849692 | 语言库209/209语言库 54排7列1层/ [索取号:H319.4:I/O3551] | 在馆 |